| 000 | 00747nam a2200265Ia 4500 | ||
|---|---|---|---|
| 003 | OSt | ||
| 005 | 20220925204825.0 | ||
| 006 | a|||||r|||| 00| 0 | ||
| 007 | ta | ||
| 008 | 220923b |||||||| |||| 00| 0 eng d | ||
| 020 | _a90 247 1841 4 | ||
| 037 | _cGeneral Book | ||
| 040 |
_aRTL _cRTL _beng |
||
| 041 |
_2eng _aeng |
||
| 082 | _aX:533.5,h0aV6, L6 | ||
| 100 |
_aDjamson Eric C. _9113398 |
||
| 245 | 0 |
_aDynamies of Euro-African co-operation _b Being an a |
|
| 260 |
_aHage _bM. Nijhoff _c1976 |
||
| 300 |
_axxiii, 370p. _ccm. |
||
| 500 | _aBib p. 355-60 | ||
| 650 |
_a Tree Trade _9231001 |
||
| 650 | _aEconomics | ||
| 942 |
_hX:533.5,h0aV6, L6 _cGB _2CC |
||
| 999 |
_c550539 _d550539 |
||